| 000 | 00630nam a2200205Ia 4500 | ||
|---|---|---|---|
| 003 | IN-BaIIA | ||
| 008 | 211028s9999 xx 000 0 eng d | ||
| 020 | _a978-3-662-48366-4 | ||
| 040 | _cIIA Library | ||
| 080 |
_a537.8 _bBLO |
||
| 100 |
_aBloise, Felix Salazar _936880 |
||
| 245 | 0 |
_aSolved problems in electromagnetics _cFelix Salazar Bloise..[et.al] |
|
| 260 |
_aBerlin _bSpringer-Verlag _c2017 |
||
| 300 | _axviii, 806p. | ||
| 650 |
_aElectromagnetics _917380 |
||
| 650 |
_aPhysics _973 |
||
| 700 |
_aFerro, Rafael Medina _936881 |
||
| 700 |
_aRojo, Ana Bayon _936882 |
||
| 942 | _cBK | ||
| 999 |
_c19294 _d19294 |
||